000 00614nam a2200241 a 4500
999 _c5386
_d5386
001 5386
003 BD-JhCC
005 20180211192856.0
008 171213b ru a|||| || | 000 0 eng d
035 _a(BD-JhCC)5386
040 _aBD-JhCC
_dBD-JhCC
041 _aeng
082 _a621.3493
_bPOL
100 _aPolyakov, G.
245 _aIndustrial wiring /
_cG. Polyakov and A. Kovarsky
260 _aMoscow :
_bProgress Publishers,
300 _a307 p. :
_bill. ;
_c21 cm.
650 _aEkectric wiring
650 _aElectric machinery
700 _aKovarsky, A.
942 _2ddc
_cBK